000 00822nam a2200265Ia 4500
003 OSt
005 20221006153408.0
006 a|||||r|||| 00| 0
007 ta
008 221006b |||||||| |||| 00| 0 eng d
020 _a9780333736548
_c¥23,960 (each)
024 _a32,211
037 _bGift, Japan Foundation
_cTextual
040 _aEASL
_cEASL
_beng
041 _2eng
_aeng
082 _aV42:191,(zP).N9, N9-;1
100 _aFUKUSHIMA Akiko
_9663694
245 0 _aJapanese foreign policy
_b The emerging logic of multilateralism
260 _aNew York
_bPalgrave Macmillan
_c1999
300 _a219p.
_ccm.
490 _v JEL
650 _aMultilateralism
_9663695
942 _hV42:191,(zP).N9, N9-;1
_cTEXL
_2CC
999 _c1100297
_d1100297